[Event "ESP-ch rapid"]
[Site "Linares"]
[Date "2017.08.13"]
[Round "7"]
[White "Del Rio de Angelis, Salvador Gabriel"]
[Black "Saez, Frederic"]
[Result "1-0"]
[WhiteElo "2511"]
[BlackElo "2260"]
[PlyCount "123"]
[EventDate "2017.08.13"]
[EventType "swiss (rapid)"]
[EventRounds "9"]
[EventCountry "ESP"]
[SourceTitle "CBM 179 Extra"]
[Source "ChessBase"]
[SourceDate "2017.08.23"]
[SourceVersion "1"]
[SourceVersionDate "2017.08.23"]
[SourceQuality "1"]

1. d4 Nf6 2. c4 d6 3. Nf3 c6 4. Nc3 Bf5 5. Nh4 Bd7 6. e4 e5 7. Nf3 Qc7 8. Be2 Bg4 9. 0-0 Nbd7 10. Be3 Be7 11. d5 0-0 12. h3 Bxf3 13. Bxf3 a6 14. Be2 h6 15. Qd2 Nh7 16. g3 c5 17. h4 Rae8 18. Rab1 b6 19. Kg2 Bf6 20. b4 g5 21. Bg4 cxb4 22. Rxb4 Nc5 23. Bf5 Kg7 24. Rh1 Rh8 25. Rbb1 Reg8 26. Rh2 Kf8 27. h5 Kg7 28. Rhh1 Rb8 29. Qe2 Rhe8 30. Rhc1 Nf8 31. Bd2 Nfd7 32. Nd1 Bd8 33. Bxd7 Qxd7 34. g4 f5 35. gxf5 Bf6 36. Bb4 Rec8 37. Ba3 Qa4 38. Rc3 b5 39. Rb4 Qa5 40. f3 bxc4 41. Rxb8 Rxb8 42. Qxc4 Rb1 43. Nf2 Rb5 44. Bc1 Rb4 45. Qe2 Rb1 46. Rc2 Qa4 47. Be3 Rb5 48. Bxc5 dxc5 49. d6 Rb4 50. Rxc5 Rd4 51. Rc7+ Kg8 52. d7 Rxd7 53. Rxd7 Qxd7 54. Qxa6 Kg7 55. Ng4 Qd2+ 56. Kh3 Bd8 57. Qg6+ Kf8 58. Qxh6+ Ke8 59. Qe6+ Kf8 60. Qd5 Qf4 61. Qxd8+ Kf7 62. Qd7+ 1-0

[Event "ESP-ch rapid"]
[Site "Linares"]
[Date "2017.08.13"]
[Round "5"]
[White "Rubio Mejia, Luis Ignacio"]
[Black "Saez, Frederic"]
[Result "1-0"]
[WhiteElo "2442"]
[BlackElo "2260"]
[PlyCount "93"]
[EventDate "2017.08.13"]
[EventType "swiss (rapid)"]
[EventRounds "9"]
[EventCountry "ESP"]
[SourceTitle "CBM 179 Extra"]
[Source "ChessBase"]
[SourceDate "2017.08.23"]
[SourceVersion "1"]
[SourceVersionDate "2017.08.23"]
[SourceQuality "1"]

1. d4 Nf6 2. c4 e6 3. Nc3 d5 4. cxd5 exd5 5. Bg5 c6 6. e3 Nbd7 7. Bd3 h6 8. Bh4 g5 9. Bg3 Bg7 10. h4 g4 11. h5 Nf8 12. Nge2 Ne6 13. Be5 Ng8 14. Bxg7 Nxg7 15. Ng3 Nf6 16. Qc2 Be6 17. 0-0-0 Qd6 18. Qa4 0-0 19. Kb1 Rfc8 20. Rc1 Qd7 21. f3 Nf5 22. Bxf5 Bxf5+ 23. Ka1 Re8 24. Rhe1 Bh7 25. e4 dxe4 26. fxe4 b5 27. Qb4 Rad8 28. e5 Nd5 29. Qc5 Nxc3 30. bxc3 Qd5 31. Qxd5 cxd5 32. Nf1 Kh8 33. Ne3 Rg8 34. Rf1 Rd7 35. Rf6 Rg5 36. Rxh6 Kg7 37. Rf6 Rxh5 38. Nxg4 Rg5 39. Ne3 Be4 40. Kb2 Rg3 41. Re1 Rd8 42. Rf4 Rh8 43. Rxe4 Kg6 44. Nxd5 Rxg2+ 45. R4e2 Rg3 46. Rf2 Rhh3 47. Nf4+ 1-0

[Event "Saint Affrique op 21st"]
[Site "Saint Affrique"]
[Date "2013.07.25"]
[Round "7"]
[White "Saez, Frederic"]
[Black "Libiszewski, Fabien"]
[Result "1/2-1/2"]
[WhiteElo "2290"]
[BlackElo "2523"]
[PlyCount "97"]
[EventDate "2013.07.20"]
[EventType "swiss"]
[EventRounds "9"]
[EventCountry "FRA"]
[SourceTitle "EXT 2014"]
[Source "ChessBase"]
[SourceDate "2013.11.20"]
[SourceVersion "1"]
[SourceVersionDate "2013.11.20"]
[SourceQuality "1"]

1. e4 e6 2. d4 d5 3. Nc3 Nf6 4. Bg5 Bb4 5. e5 h6 6. Be3 Ne4 7. Qg4 g5 8. h4 h5 9. hxg5 Nxc3 10. Rxh5 Rxh5 11. Qxh5 Nc6 12. a3 Ba5 13. Bd3 Ne4+ 14. Kd1 Ne7 15. Qh8+ Kd7 16. Qxd8+ Kxd8 17. g4 c5 18. dxc5 Nc6 19. f3 d4 20. Bxd4 Nxd4 21. Bxe4 Bd7 22. Ne2 Nc6 23. f4 Ke7 24. b4 Bc7 25. Kd2 Rd8 26. c4 a5 27. Rb1 axb4 28. axb4 Nxb4 29. Ke3 Ba5 30. Nd4 Bc8 31. Nb3 Bc7 32. Rh1 Rf8 33. Nd4 Na6 34. Nb5 Ba5 35. c6 bxc6 36. Bxc6 Bb6+ 37. Kf3 Nb4 38. Be4 Ba6 39. Rh7 Bxb5 40. cxb5 Kd8 41. g6 fxg6 42. Bxg6 Nd5 43. Rf7 Rxf7 44. Bxf7 Nc7 45. f5 exf5 46. gxf5 Nxb5 47. f6 Bd4 48. Kf4 Nc7 49. Kf5 1/2-1/2

[Event "Provence-ch 1213"]
[Site "Provence"]
[Date "2013.07.08"]
[Round "4"]
[White "Brongers, Henk"]
[Black "Saez, Frederic"]
[Result "0-1"]
[WhiteElo "2082"]
[BlackElo "2290"]
[PlyCount "66"]
[EventDate "2013.07.06"]
[EventType "swiss"]
[EventRounds "9"]
[EventCountry "FRA"]
[SourceTitle "EXT 2015"]
[Source "ChessBase"]
[SourceDate "2014.11.20"]
[SourceVersion "1"]
[SourceVersionDate "2014.11.20"]
[SourceQuality "1"]

1. e4 Nf6 2. e5 Nd5 3. d4 d6 4. c4 Nb6 5. exd6 exd6 6. Bd3 Nc6 7. Be3 Be7 8. Nc3 Bf6 9. Nge2 Bg4 10. Qd2 Nb4 11. Ng3 d5 12. c5 Nc4 13. Bxc4 dxc4 14. 0-0 0-0 15. Nce4 Nd5 16. Rac1 Be6 17. Bg5 Be7 18. Rfe1 f6 19. Nc3 fxg5 20. Rxe6 Nf4 21. Re4 Bxc5 22. Nb1 Bb6 23. Rxc4 Qf6 24. Nc3 h5 25. Re5 Rad8 26. Qe3 h4 27. Nge2 Nd3 28. Nd5 Qxe5 29. Ne7+ Kf7 30. Qf3+ Qf6 31. Qxd3 Qxe7 32. Rc1 Kg8 33. h3 Qf6 0-1

[Event "Provence-ch 1213"]
[Site "Provence"]
[Date "2013.07.07"]
[Round "2"]
[White "Merenciano, Alexandre"]
[Black "Saez, Frederic"]
[Result "1/2-1/2"]
[WhiteElo "1877"]
[BlackElo "2290"]
[PlyCount "157"]
[EventDate "2013.07.06"]
[EventType "swiss"]
[EventRounds "9"]
[EventCountry "FRA"]
[SourceTitle "EXT 2015"]
[Source "ChessBase"]
[SourceDate "2014.11.20"]
[SourceVersion "1"]
[SourceVersionDate "2014.11.20"]
[SourceQuality "1"]

1. e4 d6 2. d4 Nf6 3. Bd3 e5 4. Nf3 Nbd7 5. dxe5 dxe5 6. 0-0 c6 7. Qe2 Qc7 8. Bg5 Be7 9. Nbd2 Nf8 10. Nc4 Ng6 11. Nh4 Bg4 12. f3 Be6 13. Nf5 0-0 14. Nxe7+ Qxe7 15. Qf2 Bxc4 16. Bxc4 Nf4 17. Rfd1 b5 18. Bf1 Rad8 19. c3 h6 20. Bxf4 exf4 21. Rd2 Rxd2 22. Qxd2 Qc5+ 23. Kh1 Nh5 24. Qd4 Qxd4 25. cxd4 Rd8 26. Rd1 a6 27. Kg1 Nf6 28. a4 Kf8 29. axb5 axb5 30. Rc1 Rxd4 31. Rxc6 Rb4 32. Rb6 Rxb2 33. Rxb5 Rxb5 34. Bxb5 Ke7 35. g3 Nh5 36. Kf2 g5 37. g4 Ng7 38. Bc4 f6 39. Ke2 Kd6 40. Bf7 Ke7 41. Bc4 Ne8 42. Kd3 Kd6 43. Kd4 Nc7 44. h3 Na8 45. Ba6 Nb6 46. Bb5 Nc8 47. Ba4 Ne7 48. Be8 Ke6 49. Bb5 Ng6 50. Be2 Kd6 51. Bd1 Ne5 52. Be2 Nc6+ 53. Kc4 Ke5 54. Bd1 Nd8 55. Ba4 Ne6 56. Bd1 Ng7 57. Ba4 h5 58. Bb5 hxg4 59. hxg4 Ne6 60. Ba4 Nf8 61. Be8 Ne6 62. Ba4 Nd4 63. Bd1 Nc6 64. Kc5 Na5 65. Kb5 Nb7 66. Kc4 Nd6+ 67. Kd3 Nb5 68. Ba4 Nd4 69. Bd1 Nb5 70. Kc4 Nd6+ 71. Kd3 Nf7 72. Bb3 Nh8 73. Bd1 Ng6 74. Ba4 Nh4 75. Bd1 Ng2 76. Ba4 Ne3 77. Bb3 Ng2 78. Ba4 Nh4 79. Bd1 1/2-1/2

[Event "Avignon-A 4th"]
[Site "Avignon"]
[Date "2012.11.04"]
[Round "3"]
[White "Clement, Olivier"]
[Black "Saez, Frederic"]
[Result "0-1"]
[WhiteElo "2079"]
[BlackElo "2289"]
[PlyCount "90"]
[EventDate "2012.11.04"]
[EventType "tourn"]
[EventRounds "7"]
[EventCountry "FRA"]
[SourceTitle "EXT 2014"]
[Source "ChessBase"]
[SourceDate "2013.11.20"]
[SourceVersion "1"]
[SourceVersionDate "2013.11.20"]
[SourceQuality "1"]

1. e4 Nf6 2. e5 Nd5 3. d4 d6 4. c4 Nb6 5. f4 dxe5 6. fxe5 Bf5 7. Nc3 e6 8. Be3 Nc6 9. Nf3 Bg4 10. Be2 Bxf3 11. gxf3 Qh4+ 12. Bf2 Qf4 13. c5 Nd5 14. Nxd5 exd5 15. Qd2 Qxd2+ 16. Kxd2 Be7 17. Rhg1 g6 18. Kc3 f5 19. Be3 Nd8 20. Rg2 Ne6 21. f4 c6 22. Kd3 Kd7 23. a3 b6 24. cxb6 axb6 25. Bf3 b5 26. Rc2 Rhb8 27. Rac1 Ra6 28. Bd1 Bf8 29. Rf2 b4 30. a4 b3 31. Rc3 Rxa4 32. Rxb3 Rxb3+ 33. Bxb3 Ra1 34. Ke2 Bh6 35. Kf3 Bxf4 36. Bxd5 cxd5 37. Bxf4 Nxd4+ 38. Kg3 Rg1+ 39. Kh3 Ne6 40. Bd2 d4 41. Bf4 Kc6 42. Bg3 Kd5 43. Rc2 Ng5+ 44. Kh4 Nf3+ 45. Kh3 g5 0-1

[Event "FRA-chT2 1011"]
[Site "France"]
[Date "2010.11.14"]
[Round "3.4"]
[White "Armas, Jules"]
[Black "Saez, Frederic"]
[Result "1-0"]
[WhiteElo "2297"]
[BlackElo "2225"]
[PlyCount "49"]
[EventDate "2010.10.17"]
[EventType "team-tourn"]
[EventRounds "11"]
[EventCountry "FRA"]
[SourceTitle "EXT 2012"]
[Source "ChessBase"]
[SourceDate "2011.11.24"]
[SourceVersion "1"]
[SourceVersionDate "2011.11.24"]
[SourceQuality "1"]

1. e4 c5 2. Nf3 e6 3. d3 Nc6 4. g3 d5 5. Qe2 Be7 6. Bg2 Nf6 7. c3 a6 8. e5 Nd7 9. h4 b5 10. Bg5 Qc7 11. d4 Qb6 12. Bxe7 Kxe7 13. Qe3 a5 14. 0-0 h6 15. Nbd2 a4 16. a3 Na5 17. dxc5 Qxc5 18. Nd4 Bb7 19. h5 Nc4 20. Nxc4 Qxc4 21. f4 Nc5 22. f5 Raf8 23. Rf4 Ne4 24. Raf1 Ng5 25. f6+ 1-0

[Event "Saint Affrique op 18th"]
[Site "Saint Affrique"]
[Date "2010.07.28"]
[Round "6"]
[White "Tesan, Michael"]
[Black "Saez, Frederic"]
[Result "1-0"]
[WhiteElo "2080"]
[BlackElo "2227"]
[PlyCount "70"]
[EventDate "2010.07.24"]
[EventType "swiss"]
[EventRounds "9"]
[EventCountry "FRA"]
[SourceTitle "CBM 137 Extra"]
[Source "ChessBase"]
[SourceDate "2010.09.01"]
[SourceVersion "1"]
[SourceVersionDate "2010.09.01"]
[SourceQuality "1"]

1. d4 d5 2. c4 dxc4 3. Nf3 Nf6 4. e3 Bg4 5. Bxc4 e6 6. h3 Bh5 7. g4 Bg6 8. Nc3 Nbd7 9. Qe2 a6 10. Nh4 Bb4 11. Nxg6 hxg6 12. Bd2 b5 13. Bd3 c5 14. Rd1 Qb6 15. a3 Bxc3 16. Bxc3 c4 17. Qf3 Rc8 18. Bc2 Nd5 19. e4 Nxc3 20. Qxc3 Rc7 21. h4 a5 22. Qf3 b4 23. axb4 axb4 24. Ba4 Qd6 25. d5 e5 26. g5 Rh5 27. Bc6 Kf8 28. Ra1 Rxc6 29. dxc6 Qxc6 30. Ra7 Kg8 31. Ke2 f6 32. Rd1 Nf8 33. Rd8 Rxh4 34. Raa8 Rxe4+ 35. Kf1 Re1+ 1-0

[Event "Condom op 4th"]
[Site "Condom"]
[Date "2005.07.10"]
[Round "2"]
[White "Meijers, Viesturs"]
[Black "Saez, Frederic"]
[Result "1-0"]
[WhiteElo "2479"]
[BlackElo "2246"]
[PlyCount "49"]
[EventDate "2005.07.09"]
[EventType "swiss"]
[EventRounds "9"]
[EventCountry "FRA"]
[SourceTitle "CBM 107 Extra"]
[Source "ChessBase"]
[SourceDate "2005.09.01"]
[SourceVersion "1"]
[SourceVersionDate "2005.09.01"]
[SourceQuality "1"]

1. e4 e5 2. Nf3 Nc6 3. Bb5 f5 4. d3 fxe4 5. dxe4 Nf6 6. 0-0 Bc5 7. Bxc6 bxc6 8. Nxe5 0-0 9. Bg5 d6 10. Nd3 Bb6 11. Nd2 Qe8 12. Bxf6 Rxf6 13. Kh1 Qf7 14. f4 Ba6 15. f5 Be3 16. Rf3 Bxd2 17. Qxd2 Re8 18. Qa5 Bc8 19. Nf2 Qc4 20. Qxc7 Qxc2 21. Ng4 Rf7 22. Nh6+ gxh6 23. Rg3+ Kf8 24. Qxd6+ Ree7 25. f6 1-0

[Event "FRA-chT2 0405"]
[Site "France"]
[Date "2005.03.13"]
[Round "9.3"]
[White "Saez, Frederic"]
[Black "Munoz Perez, Ivan"]
[Result "1/2-1/2"]
[WhiteElo "2222"]
[BlackElo "2288"]
[PlyCount "63"]
[EventDate "2004.10.10"]
[EventType "team-tourn"]
[EventRounds "11"]
[EventCountry "FRA"]
[SourceTitle "EXT 2006"]
[Source "ChessBase"]
[SourceDate "2005.11.24"]
[SourceVersion "1"]
[SourceVersionDate "2005.11.24"]
[SourceQuality "1"]
[WhiteTeam "Marseille EFE"]
[BlackTeam "Bayonne"]
[WhiteTeamCountry "FRA"]
[BlackTeamCountry "FRA"]

1. e4 e5 2. Nf3 d6 3. d4 Qe7 4. dxe5 dxe5 5. b3 Bg4 6. Be2 Nd7 7. 0-0 0-0-0 8. Qe1 Kb8 9. Nc3 Ngf6 10. a4 Nc5 11. Bg5 c6 12. Nxe5 Qxe5 13. Bh4 Bd6 14. f4 Qd4+ 15. Bf2 Qb4 16. e5 Bxe2 17. Nxe2 Qxe1 18. Rfxe1 Ng4 19. exd6 Nxf2 20. Kxf2 Rxd6 21. Nc3 Rd2+ 22. Re2 Rhd8 23. Rae1 a5 24. Rxd2 Rxd2+ 25. Re2 Rxe2+ 26. Kxe2 Kc7 27. Ke3 f5 28. h3 h5 29. Ne2 Kd6 30. Nd4 g6 31. h4 Nd7 32. Ne2 1/2-1/2

[Event "FRA-chT2 0405"]
[Site "France"]
[Date "2005.01.08"]
[Round "5.4"]
[White "Saez, Frederic"]
[Black "Beaurain, Jerome"]
[Result "1-0"]
[WhiteElo "2222"]
[BlackElo "2123"]
[PlyCount "75"]
[EventDate "2004.10.10"]
[EventType "team-tourn"]
[EventRounds "11"]
[EventCountry "FRA"]
[SourceTitle "EXT 2006"]
[Source "ChessBase"]
[SourceDate "2005.11.24"]
[SourceVersion "1"]
[SourceVersionDate "2005.11.24"]
[SourceQuality "1"]
[WhiteTeam "Marseille EFE"]
[BlackTeam "Condom"]
[WhiteTeamCountry "FRA"]
[BlackTeamCountry "FRA"]

1. e4 c5 2. Nc3 Nc6 3. g3 g6 4. Bg2 Bg7 5. d3 e6 6. Be3 d6 7. Qd2 Rb8 8. Nf3 Nd4 9. Bxd4 cxd4 10. Nb5 Qb6 11. Qb4 Kd7 12. e5 dxe5 13. Nd2 a5 14. Qa4 Ke7 15. Qa3+ Kd8 16. Nc4 Qxb5 17. Qd6+ Qd7 18. Qxb8 Ne7 19. Nxe5 Bxe5 20. Qxe5 Rf8 21. Qxa5+ Ke8 22. 0-0 f6 23. c3 Kf7 24. cxd4 h5 25. Rac1 h4 26. d5 hxg3 27. dxe6+ Qxe6 28. hxg3 Nc6 29. Qc7+ Bd7 30. Rfe1 Qf5 31. Qxb7 Rb8 32. Qa6 Rxb2 33. Qc4+ Kg7 34. Rc2 Ne5 35. Qc5 Rb5 36. Qe3 Nxd3 37. Be4 Qh3 38. Qxd3 1-0

[Event "FRA-chT2 0405"]
[Site "France"]
[Date "2004.10.10"]
[Round "1.2"]
[White "Saez, Frederic"]
[Black "Comte, Frederic"]
[Result "1-0"]
[WhiteElo "2222"]
[BlackElo "2159"]
[PlyCount "35"]
[EventDate "2004.10.10"]
[EventType "team-tourn"]
[EventRounds "11"]
[EventCountry "FRA"]
[SourceTitle "EXT 2006"]
[Source "ChessBase"]
[SourceDate "2005.11.24"]
[SourceVersion "1"]
[SourceVersionDate "2005.11.24"]
[SourceQuality "1"]
[WhiteTeam "Marseille EFE"]
[BlackTeam "Hyeres"]
[WhiteTeamCountry "FRA"]
[BlackTeamCountry "FRA"]

1. e4 c5 2. Nc3 Nc6 3. g3 g6 4. Bg2 Bg7 5. d3 d6 6. Be3 e6 7. Qd2 Rb8 8. Nf3 Nd4 9. Bxd4 cxd4 10. Nb5 Qb6 11. Qb4 Kd7 12. e5 dxe5 13. Nd2 a5 14. Qa4 Ke7 15. Qa3+ Kd7 16. Nc4 Qxb5 17. Qd6+ Ke8 18. Qxb8 1-0

[Event "Calvi Balagne op 01st"]
[Site "Calvi"]
[Date "2004.??.??"]
[Round "3"]
[White "Saez, Frederic"]
[Black "Cornette, Matthieu"]
[Result "1/2-1/2"]
[WhiteElo "2197"]
[BlackElo "2392"]
[PlyCount "73"]
[EventDate "2004.02.21"]
[EventType "swiss"]
[EventRounds "9"]
[EventCountry "FRA"]
[SourceTitle "CBM 098 Extra"]
[Source "ChessBase"]
[SourceDate "2004.03.10"]
[SourceVersion "2"]
[SourceVersionDate "2004.03.10"]
[SourceQuality "1"]

1. e4 e6 2. d4 d5 3. e5 c5 4. c3 Nc6 5. Nf3 Bd7 6. a3 f6 7. Bd3 Qc7 8. 0-0 0-0-0 9. Re1 Nge7 10. Qe2 fxe5 11. Nxe5 Nxe5 12. dxe5 c4 13. Bc2 Nc6 14. Nd2 Bc5 15. Nf3 Bb6 16. Kh1 h6 17. Be3 g5 18. Bxb6 Qxb6 19. Qd2 Rhf8 20. Nd4 Rf4 21. g3 Nxd4 22. gxf4 Nf3 23. Qe3 d4 24. cxd4 Nxe1 25. Rxe1 gxf4 26. Qf3 Bc6 27. Be4 Bxe4 28. Rxe4 Qxb2 29. Rxf4 c3 30. Rf8 Qxa3 31. Rxd8+ Kxd8 32. Qxb7 Qe7 33. Qa8+ Kd7 34. Qxa7+ Kd8 35. Qb8+ Kd7 36. Qb7+ Kd8 37. Qb8+ 1/2-1/2

[Event "Cap d'Agde op"]
[Site "Cap d'Agde"]
[Date "2003.10.24"]
[Round "2"]
[White "Saez, Frederic"]
[Black "Libiszewski, Fabien"]
[Result "0-1"]
[WhiteElo "2208"]
[BlackElo "2446"]
[PlyCount "84"]
[EventDate "2003.10.23"]
[EventType "swiss"]
[EventRounds "9"]
[EventCountry "FRA"]
[SourceTitle "EXT 2004"]
[Source "ChessBase"]
[SourceDate "2003.11.25"]
[SourceVersion "1"]
[SourceVersionDate "2003.11.25"]
[SourceQuality "1"]

1. e4 e6 2. d4 d5 3. e5 c5 4. c3 Qb6 5. Nf3 Nc6 6. a3 Nh6 7. b4 cxd4 8. cxd4 Nf5 9. Bb2 Bd7 10. Be2 Rc8 11. 0-0 Be7 12. Qd2 h5 13. Rd1 g5 14. Bc3 a6 15. a4 g4 16. b5 gxf3 17. bxc6 fxe2 18. cxd7+ Kxd7 19. Qxe2 Rc4 20. a5 Qc6 21. Ra2 Rxc3 22. Nxc3 Qxc3 23. Rb2 Rb8 24. Rdb1 Nxd4 25. Qxh5 Nb5 26. Re2 Qxa5 27. Re3 Nc3 28. Rf1 b5 29. Rf3 Rf8 30. Rxf7 Rxf7 31. Qxf7 b4 32. f4 Ne2+ 33. Kh1 Qb5 34. Rd1 Nd4 35. Qh7 Qe2 36. Qb1 Nb5 37. Qa1 b3 38. f5 b2 39. fxe6+ Ke8 40. Qb1 Qxd1+ 41. Qxd1 Nc3 42. Qh5+ Kd8 0-1

[Event "FRA-ch Accession"]
[Site "Aix les Bains"]
[Date "2003.08.26"]
[Round "1"]
[White "Saez, Frederic"]
[Black "Borzakian, Manouk"]
[Result "0-1"]
[WhiteElo "2293"]
[BlackElo "2143"]
[PlyCount "80"]
[EventDate "2003.08.19"]
[EventType "swiss"]
[EventRounds "11"]
[EventCountry "FRA"]
[SourceTitle "EXT 2004"]
[Source "ChessBase"]
[SourceDate "2003.11.25"]
[SourceVersion "1"]
[SourceVersionDate "2003.11.25"]
[SourceQuality "1"]

1. e4 g6 2. d4 Bg7 3. Nc3 d6 4. Nf3 Nf6 5. Bf4 0-0 6. Be2 Bg4 7. h3 Bxf3 8. Bxf3 Nc6 9. Be3 e5 10. d5 Nd4 11. Be2 c5 12. a4 Nd7 13. Nb5 Qe7 14. c3 Nxe2 15. Qxe2 a6 16. Na3 f5 17. g4 fxe4 18. g5 b5 19. a5 Qf7 20. Qg4 Qf5 21. Rg1 Rf7 22. b4 Rc8 23. Kd2 Bf8 24. h4 Be7 25. Rac1 c4 26. Kc2 Rcf8 27. Rcf1 Qxg4 28. Rxg4 Rf4 29. Rfg1 Rxf2+ 30. Bxf2 Rxf2+ 31. Kc1 Rf4 32. Nc2 Bf8 33. Ne3 Bg7 34. Rf1 h5 35. Rg2 Rxh4 36. Rgf2 Rf4 37. Kc2 Kf8 38. Rxf4+ exf4 39. Rxf4+ Ke7 40. Rxe4+ Kf7 0-1

[Event "Marseille op 4th"]
[Site "Marseille"]
[Date "2003.06.29"]
[Round "2"]
[White "Saez, Frederic"]
[Black "Eljanov, Pavel"]
[Result "0-1"]
[WhiteElo "2281"]
[BlackElo "2567"]
[PlyCount "78"]
[EventDate "2003.06.28"]
[EventType "swiss"]
[EventRounds "9"]
[EventCountry "FRA"]
[SourceTitle "EXT 2004"]
[Source "ChessBase"]
[SourceDate "2003.11.25"]
[SourceVersion "1"]
[SourceVersionDate "2003.11.25"]
[SourceQuality "1"]

1. e4 c5 2. Nc3 Nc6 3. g3 g6 4. Bg2 Bg7 5. d3 d6 6. Be3 Nf6 7. Nge2 Rb8 8. h3 0-0 9. Qd2 Re8 10. 0-0 b5 11. f4 b4 12. Nd1 Nd7 13. g4 Ba6 14. h4 c4 15. h5 Qa5 16. hxg6 hxg6 17. e5 cxd3 18. cxd3 Rbc8 19. e6 fxe6 20. Be4 Nf8 21. Kh1 d5 22. Bg2 Qb5 23. Nc1 Nd7 24. Qe1 Rf8 25. Bg1 Nd8 26. Ne3 Nc5 27. Qd2 Nxd3 28. Nxd3 Qxd3 29. Qxb4 Kf7 30. Qe1 Nc6 31. Rd1 Qe2 32. Qg3 Rh8+ 33. Bh2 Qxb2 34. Rf2 Qb6 35. Rfd2 Rh7 36. Nxd5 exd5 37. Bxd5+ Kf8 38. Qe1 Nb4 39. Be6 Bb7+ 0-1

[Event "Grenoble Masters 2nd"]
[Site "Grenoble"]
[Date "2003.06.27"]
[Round "9"]
[White "Saez, Frederic"]
[Black "Aguettaz, Maxime"]
[Result "1/2-1/2"]
[WhiteElo "2281"]
[BlackElo "2263"]
[PlyCount "34"]
[EventDate "2003.06.21"]
[EventType "tourn"]
[EventRounds "9"]
[EventCountry "FRA"]
[EventCategory "3"]
[SourceTitle "CBM 094 Extra"]
[Source "ChessBase"]
[SourceDate "2003.07.09"]
[SourceVersion "2"]
[SourceVersionDate "2003.07.09"]
[SourceQuality "1"]

1. e4 c5 2. Nc3 Nc6 3. g3 g6 4. Bg2 Bg7 5. d3 d6 6. Be3 Rb8 7. Qd2 b5 8. Nge2 Nd4 9. 0-0 b4 10. Nd1 e6 11. f4 Ne7 12. Nc1 Qa5 13. Kh1 0-0 14. g4 f5 15. gxf5 exf5 16. c3 bxc3 17. bxc3 Ndc6 1/2-1/2

[Event "Grenoble Masters 2nd"]
[Site "Grenoble"]
[Date "2003.06.25"]
[Round "7"]
[White "Foisor, Ovidiu Doru"]
[Black "Saez, Frederic"]
[Result "1-0"]
[WhiteElo "2426"]
[BlackElo "2281"]
[PlyCount "47"]
[EventDate "2003.06.21"]
[EventType "tourn"]
[EventRounds "9"]
[EventCountry "FRA"]
[EventCategory "3"]
[SourceTitle "CBM 094 Extra"]
[Source "ChessBase"]
[SourceDate "2003.07.09"]
[SourceVersion "2"]
[SourceVersionDate "2003.07.09"]
[SourceQuality "1"]

1. d4 Nf6 2. c4 d6 3. Nc3 Bf5 4. g3 c6 5. Bg2 Qc7 6. e4 Bg4 7. Nge2 e5 8. Be3 Be7 9. h3 Bxe2 10. Qxe2 Nbd7 11. 0-0 h5 12. f4 b6 13. Rad1 Rd8 14. b4 0-0 15. c5 bxc5 16. bxc5 exd4 17. cxd6 Bxd6 18. Bxd4 Bb4 19. e5 Rfe8 20. Qc4 c5 21. Nb5 Qa5 22. a3 a6 23. Nd6 Rf8 24. axb4 1-0

[Event "Grenoble Masters 2nd"]
[Site "Grenoble"]
[Date "2003.06.24"]
[Round "5"]
[White "De Labaca, Romuald"]
[Black "Saez, Frederic"]
[Result "1/2-1/2"]
[WhiteElo "2166"]
[BlackElo "2281"]
[PlyCount "179"]
[EventDate "2003.06.21"]
[EventType "tourn"]
[EventRounds "9"]
[EventCountry "FRA"]
[EventCategory "3"]
[SourceTitle "CBM 094 Extra"]
[Source "ChessBase"]
[SourceDate "2003.07.09"]
[SourceVersion "2"]
[SourceVersionDate "2003.07.09"]
[SourceQuality "1"]

1. e4 c5 2. Nf3 d6 3. d4 cxd4 4. Nxd4 Nf6 5. Nc3 a6 6. f3 Nc6 7. Be3 e6 8. Qd2 Qc7 9. 0-0-0 Be7 10. g4 Ne5 11. g5 Nfd7 12. h4 Nb6 13. f4 Nec4 14. Qd3 Nxe3 15. Qxe3 Bd7 16. f5 e5 17. Nb3 Rc8 18. Rh2 Rd8 19. Qf3 Bc8 20. Rhd2 Qc6 21. Na5 Qc5 22. Nb3 Qc6 23. Na5 Qc7 24. Nb3 Bd7 25. Qh5 Bc8 26. g6 fxg6 27. fxg6 h6 28. Rf2 Rf8 29. Rxf8+ Kxf8 30. Be2 Bf6 31. Qf3 Kg8 32. h5 Be6 33. Qg2 Qc8 34. Nd5 Nxd5 35. exd5 Bh3 36. Qg3 Bg5+ 37. Kb1 Bf5 38. Bd3 Bg4 39. Rf1 Bf4 40. Qh4 Re8 41. Be4 Bf5 42. Qh1 Rf8 43. Nc1 Bd7 44. Nd3 Bg5 45. Rxf8+ Qxf8 46. Qf3 Qxf3 47. Bxf3 Be3 48. b3 Kf8 49. Nb2 Ke7 50. Nc4 Bf4 51. Nb6 Bf5 52. Kb2 Kf6 53. c4 Be3 54. Na8 Bd4+ 55. Kc1 e4 56. Be2 Ke5 57. Nc7 Bd7 58. Ne6 Bxe6 59. dxe6 Kxe6 60. Bg4+ Kf6 61. Kd1 a5 62. Be2 Ke5 63. Bg4 Bc5 64. Be2 Kd4 65. Bg4 b6 66. Be2 Bb4 67. Kc2 Ke3 68. Kd1 Bd2 69. Bg4 Kd3 70. Bf5 Bf4 71. Ke1 a4 72. bxa4 Kd4 73. Ke2 e3 74. Be6 Bg5 75. Bd5 Kc3 76. Bc6 Kxc4 77. Bb5+ Kd4 78. Bd3 d5 79. Bf5 Ke5 80. Bd3 Kf4 81. Kf1 d4 82. Bb5 Bh4 83. Bd3 Kf3 84. Bb5 e2+ 85. Bxe2+ Ke3 86. Bc4 d3 87. Be6 Kd2 88. Bd5 Kc1 89. Bb3 Kb2 90. Bc4 1/2-1/2

[Event "Grenoble Masters 2nd"]
[Site "Grenoble"]
[Date "2003.06.22"]
[Round "2"]
[White "Saez, Frederic"]
[Black "Foisor, Cristina Adela B"]
[Result "1/2-1/2"]
[WhiteElo "2281"]
[BlackElo "2395"]
[PlyCount "142"]
[EventDate "2003.06.21"]
[EventType "tourn"]
[EventRounds "9"]
[EventCountry "FRA"]
[EventCategory "3"]
[SourceTitle "CBM 094 Extra"]
[Source "ChessBase"]
[SourceDate "2003.07.09"]
[SourceVersion "2"]
[SourceVersionDate "2003.07.09"]
[SourceQuality "1"]

1. e4 e6 2. d4 c5 3. Nf3 cxd4 4. Nxd4 Nf6 5. Bd3 Nc6 6. Nxc6 bxc6 7. 0-0 e5 8. Nc3 Be7 9. Kh1 d6 10. f4 Qb6 11. Qe1 exf4 12. Bxf4 Be6 13. e5 dxe5 14. Bxe5 Ng4 15. Na4 Qd8 16. Bg3 Nf6 17. Rd1 Qc8 18. Qa5 0-0 19. Ba6 Qe8 20. Bb7 Rd8 21. Qxa7 Rxd1 22. Rxd1 Ne4 23. Qe3 Bd5 24. Nc3 Bg5 25. Qe1 Nxc3 26. bxc3 Qd7 27. Ba6 Re8 28. Qf1 Qa7 29. Bd3 g6 30. c4 Be6 31. Qf3 Rc8 32. Be5 f5 33. Qg3 Qe3 34. Re1 Qxg3 35. Bxg3 Bf7 36. Be5 Re8 37. Bc3 Ra8 38. Rb1 Bf4 39. g3 Bd6 40. Rb6 Be8 41. Rb7 Bf8 42. Be5 c5 43. Rb8 Bc6+ 44. Kg1 Rxa2 45. Rc8 Bb7 46. Rb8 Bf3 47. Kf2 Bh1 48. Kg1 Bc6 49. Rc8 Bf3 50. Kf2 Bb7 51. Rb8 Bc6 52. Rc8 Bh1 53. Kg1 Bb7 54. Rb8 Ra7 55. Bd6 Ra8 56. Rxb7 Bxd6 57. Kg2 Ra1 58. h3 Be5 59. Re7 Bd4 60. g4 f4 61. Kf3 Be3 62. h4 Rg1 63. g5 Bc1 64. Rb7 Rg3+ 65. Kf2 Rh3 66. Rb8+ Kf7 67. Rb7+ Kg8 68. Rb8+ Kg7 69. Rb7+ Kg8 70. Rb8+ Kg7 71. Rb7+ Kg8 1/2-1/2